Φθηνές Διακοπές από το Διαδίκτυο / Sites Σύγκρισης Τιμών, Εισιτήρια & Ξενοδοχεία, Οδηγοί Πόλεων, Γνώμες Κοινού. (Record no. 3078)
[ view plain ]
| 000 -LEADER | |
|---|---|
| fixed length control field | 01067cam a22001814a 4500 |
| 005 - ΗΜΕΡΟΜΗΝΙΑ ΚΑΙ ΩΡΑ ΤΕΛΕΥΤΑΙΑΣ ΕΝΗΜΕΡΩΣΗΣ | |
| Πεδίο ελέγχου | 20250605163350.0 |
| 008 - FIXED-LENGTH DATA ELEMENTS--GENERAL INFORMATION | |
| Πεδίο ελέγχου σταθερού μήκους | 250528s ||||||||||||||||||||||||d |
| 035 ## - SYSTEM CONTROL NUMBER | |
| System control number | 17676 |
| 020 ## - ISBN | |
| ISBN | 9786185112134 |
| 040 ## - ΠΗΓΗ ΚΑΤΑΛΟΓΟΓΡΑΦΗΣΗΣ | |
| Φορέας πρωτότυπης καταλογογράφησης | MC Athens Campus Library |
| Γλώσσα καταλογογράφησης | Ελληνικά, Μοντέρνα (1453-) |
| Modifying agency | MC Athens Campus Library |
| Κανόνες περιγραφικής καταλογογράφησης | AACR2 |
| 245 1# - ΤΙΤΛΟΣ ΚΑΙ ΔΗΛΩΣΗ ΥΠΕΥΘΥΝΟΤΗΤΑΣ | |
| Τίτλος | Φθηνές Διακοπές από το Διαδίκτυο / Sites Σύγκρισης Τιμών, Εισιτήρια & Ξενοδοχεία, Οδηγοί Πόλεων, Γνώμες Κοινού. |
| 260 ## - PUBLICATION, DISTRIBUTION, ETC. | |
| Name of publisher, distributor, etc. | Digerati, |
| Date of publication, distribution, etc. | 2014 |
| 300 ## - PHYSICAL DESCRIPTION | |
| Extent | 98 |
| 520 ## - SUMMARY, ETC. | |
| Summary, etc. | Με αυτό το βιβλίο μπορείτε να ενημερωθείτε πως το Internet μπορεί να αποδειχθεί πολύτιμος συνεργάτης σας κατά την προετοιμασία των διακοπών σας. Εισαγωγή, Που θα Πάμε Διακοπές, Πώς θα Πάμε, Που θα Μείνουμε, Τι θα Κάνουμε Εκεί που θα Πάμε, Οι Καλύτερες Εφαρμογές για Smartphones. |
| 942 ## - ADDED ENTRY ELEMENTS (KOHA) | |
| Koha item type | Books |
| Τύπος τεκμηρίου | Βιβλιοθήκη | Τρέχουσα τοποθεσία | Barcode | Αριθμός εισαγωγής | Ημερομηνία απόκτησης | Ταξιθετικό σύμβολο | Αριθμός αντιτύπου | Κατάσταση απόσυρσης | Κατάσταση χαμένου | Κατάσταση κατεστραμμένου | Μη δανεισμός | Σύνολο δανεισμών | Ημερομηνία τελευταίας εμφάνισης | Η τιμή ισχύει από |
|---|---|---|---|---|---|---|---|---|---|---|---|---|---|---|
| Books | MC Athens Campus Library | MC Athens Campus Library | 9780000030771 | 6022 | 05/06/2025 | 005.1 DIG | 1 | 05/06/2025 | 05/06/2025 |